Every country in europe - Statistics

General Stats
  • This quiz has been taken 52 times
  • The average score is 44 of 47
Answers on the Map
Answers color-coded by a green-red scale on the quiz's map according to % correct below.
 
Answer Stats
Answer % Correct
Belgium
100%
Denmark
100%
Estonia
100%
Finland
100%
Finland
100%
France
100%
Germany
100%
Russia
100%
Sweden
100%
Switzerland
100%
Ukraine
100%
United Kingdom
100%
Vatican city
100%
Albania
98%
Croatia
98%
Ireland
98%
Greece
98%
Italy
98%
Kosovo
98%
Luxembourg
98%
Netherlands
98%
Norway
98%
Poland
98%
Portugal
98%
Romania
98%
Slovakia
98%
Spain
98%
Belarus
95%
Bosnia and Herzegovina
95%
Hungary
95%
Iceland
95%
Slovenia
95%
Austria
93%
Czech Republic
93%
Latvia
93%
Lithuania
93%
Andorra
91%
Monaco
91%
Bulgaria
89%
Liechtenstein
89%
North Macedonia
86%
Serbia
86%
Malta
84%
Moldova
84%
San Marino
84%
Montenegro
82%
Cypern
2%
No matching quizzes found
Score Distribution
Percent of People with Each Score
Percentile by Number Answered
Your Score History
You have not taken this quiz